A Clear Star : (Record no. 62242)

MARC details
000 -LEADER
fixed length control field 01560nam a22002777a 4500
005 - DATE AND TIME OF LATEST TRANSACTION
control field 20120207152323.0
010 ## - LCCN (DPL NO)
LC control number B-447384-388
020 ## - INTERNATIONAL STANDARD BOOK NUMBER
International Standard Book Number 9788180280238
Terms of availability 675.00
035 ## - SYSTEM CONTROL NUMBER
System control number B-447384-388
037 ## - SOURCE OF ACQUISITION
Source of stock number/acquisition BPPD/PUB
037 ## - SOURCE OF ACQUISITION
Source of stock number/acquisition K.K.Pub/Ven
082 ## - DEWEY DECIMAL CLASSIFICATION NUMBER
Classification number 000
100 ## - MAIN ENTRY--PERSONAL NAME
Personal name O'Connor, Daniel
245 ## - TITLE STATEMENT
Title A Clear Star :
Remainder of title C.F.Andrews and India 1904-1914 /
Statement of responsibility, etc by Daniel O'Connor
260 ## - PUBLICATION, DISTRIBUTION, ETC. (IMPRINT)
Place of publication, distribution, etc New Delhi
Name of publisher, distributor, etc Chronicle Books
Date of publication, distribution, etc 2005
270 ## - ADDRESS
Address D-27, NDSE Part II,
City New Delhi
Postal code 110049
300 ## - PHYSICAL DESCRIPTION
Extent 300p.
Dimensions 21cm
700 ## - ADDED ENTRY--PERSONAL NAME
9 (RLIN) 41156
942 ## - ADDED ENTRY ELEMENTS (KOHA)
Source of classification or shelving scheme Dewey Decimal Classification
Item type English Books
Call number suffix OCO
Classification part 000
Holdings
Withdrawn status Lost status Not for loan Collection code Home library Current library Date acquired Source of acquisition Cost, normal purchase price Full call number Barcode Copy number Cost, replacement price Koha item type
      Non-fiction Central Library Central Library 20/04/2012 K.K.Pub/1318/23.09.2011/03/23.09.2011/09.11.2011 299.00 000 OCO B-447384 1 299.00 English Books
      Non-fiction Karol Bagh Karol Bagh 23/04/2012 K.K.Pub/1318/23.09.2011/03/23.09.2011/09.11.2011 299.00 000 OCO B-447387 1 299.00 English Books
      Non-fiction Patel Nagar Patel Nagar 20/04/2012 K.K.Pub/1318/23.09.2011/03/23.09.2011/09.11.2011 299.00 000 OCO B-447385 1 299.00 English Books
      Non-fiction Sarojini Nagar Sarojini Nagar 20/04/2012 K.K.Pub/1318/23.09.2011/03/23.09.2011/09.11.2011 299.00 000 OCO B-447386 1 299.00 English Books
      Non-fiction Shahdara Branch Shahdara Branch 23/04/2012 K.K.Pub/1318/23.09.2011/03/23.09.2011/09.11.2011 299.00 000 OCO B-447388 1 299.00 English Books

© Delhi Public Library
Hit Counter
free hit counter